| 000 | 00450nam a2200157Ia 4500 | ||
|---|---|---|---|
| 008 | 240729s9999 xx 000 0 und d | ||
| 022 | _a2325-5226 | ||
| 245 | 0 | _aJournal of Human Sciences and Extension | |
| 260 | _aUnited States | ||
| 260 | _bMississippi State University | ||
| 650 | _a Special aspects of education | ||
| 650 | _aEducation | ||
| 856 | _uhttps://doaj.org/toc/3e5109e3be294ca3a02f958e24d8cfd5 | ||
| 942 | _2ddc | ||
| 942 | _cDOAJEJ | ||
| 999 |
_c72839 _d72839 |
||
| 945 |
_a1 _bMadushi Gamage _c1 _dMadushi Gamage |
||